[Event "9th Bavarian Open"]
[Site "Bad Wiessee GER"]
[Date "2005.11.01"]
[Round "4"]
[White "Stimpel,F"]
[Black "Braun,A"]
[Result "1/2-1/2"]
[WhiteElo "2289"]
[BlackElo "2465"]

1.d4 Nf6 2.c4 g6 3.Nc3 d5 4.cxd5 Nxd5 5.e4 Nxc3 6.bxc3 Bg7 7.Bc4 O-O 8.Ne2 Nc6
9.O-O e5 10.Be3 Na5 11.Bd3 b6 12.Qd2 exd4 13.cxd4 c5 14.Bh6 cxd4 15.Bxg7 Kxg7
16.Rfd1 Qf6 17.f4 Bb7 18.e5 Qc6 19.Ng3 f5 20.Rac1 Qd7 21.Qb2 Rac8 22.Rxc8 Rxc8
23.Ne2 Qa4 24.Rd2 Qc6 25.Nxd4 Qc1+ 26.Qxc1 Rxc1+ 27.Kf2 Bd5 28.Nb5 a6 29.Nd6 Nc4
30.Bxc4 Bxc4 31.Ne8+ Kf7 32.Nf6 Ra1 33.Rd7+ Ke6 34.Rd6+ Ke7 35.Rd7+ Ke6 36.Rd6+ Ke7  1/2-1/2

[Event "World Team Ch"]
[Site "Beer Sheva ISR"]
[Date "2005.11.02"]
[Round "2"]
[White "Gelfand,B"]
[Black "Svidler,P"]
[Result "0-1"]
[WhiteElo "2717"]
[BlackElo "2740"]

1.d4 Nf6 2.c4 g6 3.Nc3 d5 4.cxd5 Nxd5 5.e4 Nxc3 6.bxc3 Bg7 7.Nf3 c5 8.Rb1 O-O
9.Be2 cxd4 10.cxd4 Qa5+ 11.Bd2 Qxa2 12.O-O Bg4 13.Be3 Nc6 14.d5 Na5 15.Bg5 Qa3
16.Re1 Rfd8 17.e5 h6 18.Bf4 Bf5 19.Rc1 Qb3 20.d6 exd6 21.exd6 Qxd1 22.Rexd1 Nc6
23.Bb5 Bd7 24.Be3 a5 25.Bb6 Re8 26.Rc4 Nb8 27.Ba4 Bxa4 28.Rxa4 Nd7 29.Bc7 b6
30.Kf1 f5 31.Rb1 Re4 32.Ra2 Rc4 33.Bxb6 Rb8 34.Nd2 Rxb6  0-1

[Event "Autumn Open"]
[Site "St Petersburg RUS"]
[Date "2005.11.02"]
[Round "5"]
[White "Part,F"]
[Black "Krylov,A"]
[Result "0-1"]
[WhiteElo "2016"]
[BlackElo "2131"]

1.d4 Nf6 2.c4 g6 3.Nc3 d5 4.cxd5 Nxd5 5.e4 Nxc3 6.bxc3 Bg7 7.Nf3 O-O 8.h3 c5
9.Be3 Nc6 10.Be2 Qc7 11.O-O Rd8 12.Rc1 b6 13.Qc2 Na5 14.Rfd1 Be6 15.d5 Bd7
16.c4 e5 17.Nd2 Nb7 18.Rf1 Nd6 19.f4 f5 20.Bd3 Rf8 21.Rce1 Rae8 22.Kh1 fxe4
23.Nxe4 Nxe4 24.Bxe4 exf4 25.Bc1 Qe5 26.Re2 Bf5 27.Rfe1 f3 28.gxf3 Qg3 29.Bxf5 Qxe1+
30.Rxe1 Rxe1+ 31.Kg2 Rxf5 32.Bb2 Rg5+ 33.Kh2 Bf8 34.f4 Bd6 35.Qf2 Re4 36.Be5 Bxe5
37.fxe5 Rf5 38.Qc2 Rfxe5 39.Qa4 Rd4 40.Qxa7 Re3 41.Kg1 Rxc4 42.Qa6 Rd4 43.Qxb6 Red3
44.Qd8+ Kg7 45.Qe7+ Kh6 46.Qxc5 Rxd5 47.Qf8+ Kh5 48.Qf4 Rd1+  0-1

[Event "TCh-CZE Extraliga 2005-6"]
[Site "Czech Rep CZE"]
[Date "2005.11.05"]
[Round "3"]
[White "Jedynak,R"]
[Black "Konopka,M"]
[Result "1-0"]
[WhiteElo "2431"]
[BlackElo "2489"]

1.d4 Nf6 2.c4 g6 3.Nc3 d5 4.cxd5 Nxd5 5.e4 Nxc3 6.bxc3 Bg7 7.Nf3 c5 8.Rb1 O-O
9.Be2 b6 10.O-O Bb7 11.Qd3 Ba6 12.Qe3 Bxe2 13.Qxe2 Qc7 14.Bg5 e6 15.Qe3 Nd7
16.e5 Rfc8 17.Nd2 cxd4 18.cxd4 Qc3 19.Qf4 h6 20.Bxh6 Bxh6 21.Qxh6 Qxd4 22.Nf3 Qg4
23.Ng5 Qh5 24.Qxh5 gxh5 25.f4 Rc2 26.Rbd1 Nf8 27.f5 Re2 28.fxe6 fxe6 29.Rd3 Ng6
30.Nxe6 Re8 31.Nd4 R2xe5 32.Rg3 Kg7 33.Nf5+ Kh7 34.Rg5 h4 35.Rh5+  1-0

[Event "TCh-CZE Extraliga 2005-6"]
[Site "Czech Rep CZE"]
[Date "2005.11.05"]
[Round "3"]
[White "Firt,S"]
[Black "Studnicka,T"]
[Result "0-1"]
[WhiteElo "2352"]
[BlackElo "2317"]

1.d4 Nf6 2.c4 g6 3.Nc3 d5 4.cxd5 Nxd5 5.e4 Nxc3 6.bxc3 Bg7 7.Bc4 O-O 8.Ne2 c5
9.O-O Nc6 10.Be3 Bd7 11.d5 Na5 12.Bd3 b6 13.Rb1 Nb7 14.f4 e6 15.c4 Re8 16.Bf2 Rc8
17.e5 f6 18.Bh4 exd5 19.cxd5 c4 20.Bc2 Bg4 21.Rf2 g5 22.fxg5 fxg5 23.Qd4 Bh5
24.Bg3 Nc5 25.Bf5 Nd3 26.d6 Rc5 27.Bxd3 cxd3 28.Qxd3 Bxe5 29.d7 Re7 30.Rd1 Bxg3
31.hxg3 Bg4 32.Qb3+ Be6 33.Rdf1 Bxb3 34.Rf8+ Qxf8 35.Rxf8+ Kxf8 36.d8=Q+ Kf7
37.Qd3 Bc2 38.Qf3+ Kg7 39.g4 Bd1  0-1

[Event "Autumn Open"]
[Site "St Petersburg RUS"]
[Date "2005.11.05"]
[Round "8"]
[White "Part,F"]
[Black "Otkidach,O"]
[Result "1-0"]
[WhiteElo "2016"]
[BlackElo "2150"]

1.d4 Nf6 2.c4 g6 3.Nc3 d5 4.cxd5 Nxd5 5.e4 Nxc3 6.bxc3 Bg7 7.Nf3 c5 8.h3 O-O
9.Be2 Nc6 10.Be3 Qa5 11.Bd2 cxd4 12.cxd4 Qa3 13.d5 Nd4 14.Nxd4 Bxd4 15.Rc1 Qxa2
16.O-O Qa3 17.Bf4 Bg7 18.d6 Rd8 19.Rc7 exd6 20.Bc4 Be6 21.Bxe6 fxe6 22.Qg4 Re8
23.Rfc1 Qb3 24.Qh4 Qb2 25.e5 Rf8 26.Qe7  1-0

[Event "FSGM November"]
[Site "Budapest HUN"]
[Date "2005.11.07"]
[Round "3"]
[White "Berczes,D"]
[Black "Wittmann,W"]
[Result "1/2-1/2"]
[WhiteElo "2475"]
[BlackElo "2376"]

1.d4 Nf6 2.c4 g6 3.Nc3 d5 4.cxd5 Nxd5 5.e4 Nxc3 6.bxc3 Bg7 7.Qa4+ Nc6 8.f4 O-O
9.Nf3 a6 10.Be2 Rb8 11.Qa3 b5 12.Be3 b4 13.Qa4 Bd7 14.Qc2 Bg4 15.Rd1 Bxf3
16.Bxf3 Na5 17.O-O Nc4 18.Bf2 bxc3 19.Qxc3 Nd6 20.e5 Nb5 21.Qc5 c6 22.a4 Nc7
23.Qxc6 e6 24.d5 Nxd5 25.Qxa6 Ra8 26.Qb5 Ra5 27.Qc6 Qa8 28.Bxd5 exd5 29.Qd7 Rd8
30.Qc7 Rc8 31.Qd7  1/2-1/2

[Event "WJun"]
[Site "Instanbul TUR"]
[Date "2005.11.09"]
[Round "1"]
[White "Citak,S"]
[Black "Kurnosov,I"]
[Result "1/2-1/2"]
[WhiteElo "2291"]
[BlackElo "2523"]

1.d4 Nf6 2.c4 g6 3.Nc3 d5 4.cxd5 Nxd5 5.e4 Nxc3 6.bxc3 Bg7 7.Bc4 c5 8.Ne2 Nc6
9.Be3 O-O 10.O-O Bd7 11.Rb1 Qc7 12.Nf4 Rad8 13.Nd5 Qc8 14.Bb5 Rfe8 15.Bg5 cxd4
16.cxd4 h6 17.Bxc6 Bxc6 18.Nxe7+ Rxe7 19.Bxe7 Rxd4 20.Qb3 Bxe4 21.Rbc1 Qd7
22.Bc5 Bd5 23.Bxd4 Bxb3 24.Bxg7 Kxg7 25.axb3 a5 26.Rc3 Qd2 27.Rcc1 Qd3 28.Rb1 b6
29.h3 g5 30.Rfd1 Qc2 31.Rdc1 Qa2 32.Re1 h5 33.Red1 f6 34.Re1 Kg6 35.Red1 h4
36.Re1 Kh5 37.f3 Kg6 38.Kh2 Kf5 39.Red1 Ke5 40.Re1+ Kf4 41.Re4+ Kf5 42.Ree1 Qa3
43.Re4 Qd6+ 44.Kh1 Qd3 45.Ree1 Kf4 46.Re4+ Kf5 47.Ree1 Kg6 48.Rb2 Qc3 49.Ree2 Kf7
50.Kh2 b5 51.Kh1 Kg6 52.Kh2 Kh5 53.Rec2 Qe5+ 54.Kh1 f5 55.Re2 Qc3 56.Kh2 g4
57.hxg4+ fxg4 58.fxg4+ Kxg4 59.Re4+ Kg5 60.Ree2 Qb4 61.Rf2 Kg4 62.Rfd2 Qf4+
63.Kh1 Qe3 64.Kh2 Qc3 65.Rf2 h3 66.gxh3+ Qxh3+ 67.Kg1 Qe3 68.Kg2 Qd4 69.Kh2 a4
70.bxa4 bxa4 71.Ra2 Kh4 72.Kg2 Qg4+ 73.Kh1 Qd1+ 74.Kg2  1/2-1/2

[Event "WJun"]
[Site "Instanbul TUR"]
[Date "2005.11.10"]
[Round "2"]
[White "Nava,R"]
[Black "Uesugi,S"]
[Result "1-0"]
[WhiteElo "2317"]
[BlackElo "2040"]

1.d4 Nf6 2.c4 g6 3.Nc3 d5 4.cxd5 Nxd5 5.e4 Nxc3 6.bxc3 Bg7 7.Bc4 O-O 8.Ne2 c5
9.O-O Nc6 10.Be3 Bg4 11.f3 Na5 12.Bd3 cxd4 13.cxd4 Be6 14.Qa4 Bd7 15.Qa3 b5
16.Rac1 a6 17.Rfd1 Rb8 18.Bf4 Rb7 19.Qc5 Nc6 20.e5 Qb6 21.Be4 Rc8 22.Qxb6 Rxb6
23.Rc5 e6 24.d5 exd5 25.Bxd5 Ne7 26.Rxc8+ Bxc8 27.Bb7 g5 28.Rd8+ Bf8 29.Bxg5 Rxb7
30.Bh6 Ng6 31.Nf4 Bf5 32.Nxg6 hxg6 33.Rxf8+ Kh7 34.Bg5 Rc7 35.Bf6 Rc8 36.Rxf7+ Kg8
37.Rg7+ Kf8 38.g4 Be6 39.Rxg6 Bxa2 40.f4 b4 41.f5 Rc1+ 42.Kf2 Rc2+ 43.Kg3 Bf7
44.Rh6 Rc3+ 45.Kh4 b3 46.e6 b2 47.Rh8+ Bg8 48.e7+ Kf7 49.Rxg8 Re3 50.Rf8+  1-0

[Event "FSGM November"]
[Site "Budapest HUN"]
[Date "2005.11.11"]
[Round "7"]
[White "Pap,G"]
[Black "Turov,M"]
[Result "1/2-1/2"]
[WhiteElo "2384"]
[BlackElo "2546"]

1.d4 Nf6 2.c4 g6 3.Nc3 d5 4.cxd5 Nxd5 5.e4 Nxc3 6.bxc3 Bg7 7.Bc4 O-O 8.Ne2 Nc6
9.O-O b6 10.Be3 e5 11.Bd5 Bb7 12.Qa4 Qe8 13.Qa3 Na5 14.Bxb7 Nxb7 15.f3 Qb5
16.Rfe1 Na5 17.Bf2 Rfe8 18.Rab1 Qc4 19.Rb4 Qc6 20.d5 Qd7 21.Qa4 Qxa4 22.Rxa4 a6
23.c4 Nb7 24.c5 Nxc5 25.Bxc5 bxc5 26.Rb1 Bf8 27.Nc3 Rec8 28.Kf1 c6 29.Ke2 cxd5
30.Nxd5 c4 31.Kd2 Kg7 32.Kc3 Bc5 33.Rxc4 Bd4+ 34.Kd3 Rxc4 35.Kxc4 Rc8+ 36.Kd3 Rc5
37.a4 h5 38.g4 Ra5 39.Rb4 Bg1 40.h3 Kh6 41.Rc4 Kg5 42.Ke2 Bc5 43.Kf1 Kh6  1/2-1/2

[Event "FSGM November"]
[Site "Budapest HUN"]
[Date "2005.11.11"]
[Round "7"]
[White "Erdos,V"]
[Black "Wittmann,W"]
[Result "1-0"]
[WhiteElo "2522"]
[BlackElo "2376"]

1.d4 Nf6 2.c4 g6 3.Nc3 d5 4.cxd5 Nxd5 5.e4 Nxc3 6.bxc3 Bg7 7.Qa4+ Qd7 8.Qb3 O-O
9.Nf3 b6 10.Be3 Bb7 11.Bd3 c5 12.Rd1 cxd4 13.cxd4 Nc6 14.O-O Na5 15.Qb4 Rfc8
16.d5 Bc3 17.Qb1 Nc4 18.Bd4 Bxd4 19.Nxd4 e5 20.Nc6 Bxc6 21.Bxc4 Ba4 22.Rc1 b5
23.Bb3 Bxb3 24.Qxb3 a6 25.Qb4 a5 26.Rxc8+ Rxc8 27.Qxa5 Rc4 28.Re1 Ra4 29.Qb6 Kg7
30.h3 Rc4 31.Kh2 Rc2 32.f3 g5 33.Rb1 Rxa2 34.Rxb5 Ra7 35.d6  1-0

[Event "TCh-HUN 2005-6"]
[Site "Hungary HUN"]
[Date "2005.11.13"]
[Round "3"]
[White "Berczes,D"]
[Black "Meszaros,Mi"]
[Result "1/2-1/2"]
[WhiteElo "2475"]
[BlackElo "2354"]

1.d4 Nf6 2.c4 g6 3.Nc3 d5 4.cxd5 Nxd5 5.e4 Nxc3 6.bxc3 Bg7 7.Qa4+ c6 8.Nf3 O-O
9.Be2 Nd7 10.Bg5 Re8 11.O-O Qc7 12.Bh4 e5 13.Bg3 b5 14.Qc2 Qb6 15.a4 a6 16.Rfd1 Bb7
17.a5 Qc7 18.c4 Qc8 19.c5 exd4 20.Nxd4 Nf8 21.Rab1 h5 22.h3 Ne6 23.Nb3 Ng5
24.f3 h4 25.Bxh4 Nxh3+ 26.gxh3 Qxh3 27.Be1 Re5 28.Bf1 Rg5+ 29.Bg2 Qxf3 30.Qf2 Qxe4
31.Nd2 Qe7 32.Nf3 Rf5 33.Bb4 Qe4 34.Rb3 Qc4 35.Rbb1 Re8 36.Qf1 Qg4 37.Rb3 Bc8
38.Ba3 Be6 39.Re3 Bh6 40.Re2 Qa4 41.Bb2  1/2-1/2

[Event "FSIMB November"]
[Site "Budapest HUN"]
[Date "2005.11.15"]
[Round "11"]
[White "Porat,Dav"]
[Black "Horvath,And"]
[Result "0-1"]
[WhiteElo "2199"]
[BlackElo "2339"]

1.d4 Nf6 2.c4 g6 3.Nc3 d5 4.cxd5 Nxd5 5.e4 Nxc3 6.bxc3 Bg7 7.Nf3 O-O 8.Rb1 b6
9.Be2 Bb7 10.Qd3 Nd7 11.O-O Nf6 12.Nd2 Qd7 13.e5 Nd5 14.Nf3 a5 15.Qc2 f6
16.Rd1 Kh8 17.c4 Nb4 18.Qb3 fxe5 19.Nxe5 Qf5 20.Be3 Bxe5 21.dxe5 Be4 22.g4 Qe6
23.f4 Bxb1 24.Qxb1 Rad8 25.a3 Na6 26.Rd5 Nc5 27.Bf3 Qc8 28.e6 Qxe6 29.Qb2+ Kg8
30.Qd2 Qc8 31.Bxc5 bxc5 32.Rxd8 Qxd8 33.Bd5+ e6 34.Bxe6+ Kg7 35.Bd5 Qf6 36.Qe2 Qxf4
37.Kg2 Qf6 38.h3 Rb8 39.Kg3 Rb3+ 40.Bf3 Rxa3  0-1

[Event "WJun"]
[Site "Instanbul TUR"]
[Date "2005.11.19"]
[Round "10"]
[White "Ouakhir,M"]
[Black "Negi,P"]
[Result "1/2-1/2"]
[WhiteElo "2239"]
[BlackElo "2352"]

1.d4 Nf6 2.c4 g6 3.Nc3 d5 4.cxd5 Nxd5 5.e4 Nxc3 6.bxc3 Bg7 7.Bc4 c5 8.Ne2 O-O
9.Be3 Nc6 10.O-O Bg4 11.f3 Na5 12.Bxf7+ Rxf7 13.fxg4 Rxf1+ 14.Kxf1 Qd6 15.Qa4 Qxh2
16.Qxa5 Rf8+ 17.Ke1 Qh1+ 18.Ng1 Bh6 19.Bxh6 Qxg1+ 20.Ke2 Qxg2+ 21.Kd3 Qh3+
22.Be3 c4+ 23.Kxc4 Qxe3 24.Qd5+ Rf7 25.Qxb7 Qe2+ 26.Kb3 Qxg4 27.Qa8+ Kg7
28.Qd5 Rf6 29.Qe5 Kf8 30.a4 Qf4 31.Qxf4 Rxf4 32.e5 Kf7 33.d5 a5 34.e6+ Ke8
35.c4 h5 36.c5 Rd4 37.Rg1 Rxd5 38.Rxg6 Kd8 39.Kc4 Re5 40.Kb5 Kc7 41.Rh6 Kb7
42.Rh7 Rxe6 43.Rxh5 Re1 44.Rh6 Rb1+ 45.Kxa5 Rc1 46.Rb6+ Kc7 47.Kb5 Rb1+ 48.Ka6 Rc1
49.Re6 Rxc5 50.Rxe7+ Kc6 51.Re2 Kc7 52.a5 Rc1 53.Ka7 Rc3 54.a6 Rb3 55.Rc2+ Kd7
56.Rc5 Rb1 57.Rh5 Kc7 58.Rh7+ Kc8 59.Rb7 Ra1 60.Rb2 Kc7 61.Rc2+ Kd7  1/2-1/2

[Event "2nd Bundesliga Ost 2005-6"]
[Site "Austria AUT"]
[Date "2005.11.20"]
[Round "4"]
[White "Zojer,S"]
[Black "Ernst,M"]
[Result "1/2-1/2"]
[WhiteElo "2084"]
[BlackElo "2181"]

1.d4 Nf6 2.c4 g6 3.Nc3 d5 4.cxd5 Nxd5 5.e4 Nxc3 6.bxc3 Bg7 7.Bc4 c5 8.Be3 Nc6
9.Ne2 O-O 10.O-O Bg4 11.f3 Na5 12.Bd3 cxd4 13.cxd4 Be6 14.d5 Bxa1 15.Qxa1 f6
16.Bd4 Bc8 17.Nf4 g5 18.Nh5 Bd7 19.f4 Be8 20.Ng3 g4 21.Nf5 Bd7 22.Ne3 b5
23.Qd1 Qc8 24.e5 Nc4 25.e6 Bxe6 26.dxe6 Nxe3 27.Bxe3 Qxe6 28.Re1 Rfd8 29.f5 Qxa2
30.Qxg4+ Kh8 31.Bxb5 Qa5 32.Qe2 Rab8 33.Rb1 Qc3 34.Rc1 Qe5 35.Bd3 Rb2 36.Rc2 Rb1+
37.Kf2 Qxh2 38.Rc1 Qh4+ 39.Kf3 Rb4 40.g3 Qg4+ 41.Kg2 Qxe2+ 42.Bxe2 Re4 43.Kf3 Re5
44.g4 a5 45.Rc7 h5 46.Kf4 e6 47.fxe6 Rxe6 48.gxh5 Rde8 49.Bd4 Re4+ 50.Kf5 Rxd4
51.Kg6 Rde4 52.Rh7+ Kg8 53.Rg7+ Kh8 54.Rh7+ Kg8 55.Rg7+ Kh8 56.Rh7+  1/2-1/2

[Event "WJun Girls"]
[Site "Instanbul TUR"]
[Date "2005.11.21"]
[Round "12"]
[White "Guseva,M"]
[Black "Zhang Jilin"]
[Result "1-0"]
[WhiteElo "2363"]
[BlackElo "2334"]

1.d4 Nf6 2.c4 g6 3.Nc3 d5 4.cxd5 Nxd5 5.e4 Nxc3 6.bxc3 Bg7 7.Bc4 c5 8.Ne2 O-O
9.O-O cxd4 10.cxd4 Nc6 11.Be3 Bg4 12.f3 Na5 13.Bd3 Bd7 14.Qd2 Rc8 15.Rac1 Rxc1
16.Rxc1 b5 17.Nc3 a6 18.Nd5 e6 19.Nc3 Nc6 20.e5 f5 21.Ne2 Qe7 22.Rc5 Rc8
23.a4 Na7 24.axb5 Bxb5 25.Bxb5 axb5 26.f4 Qd7 27.d5 Rxc5 28.Bxc5 Nc6 29.d6 g5
30.g3 gxf4 31.gxf4 Bh6 32.Be3 Qg7+ 33.Kf2 Qg4 34.Qc3 Qh4+ 35.Kg2 Nd8 36.Bb6 Nf7
37.Qg3+ Bg5 38.Qxh4 Bxh4 39.Nd4 Bd8 40.Bc7 b4 41.Kf3 Bh4 42.Ke2 h5 43.Nxe6 b3
44.Kd3 Bf2 45.Ng5  1-0

[Event "IV I Subasic Mem"]
[Site "Zenica BIH"]
[Date "2005.11.24"]
[Round "7"]
[White "Rezan,S"]
[Black "Atalik,S"]
[Result "1/2-1/2"]
[WhiteElo "2421"]
[BlackElo "2620"]

1.d4 Nf6 2.c4 g6 3.Nc3 d5 4.cxd5 Nxd5 5.e4 Nxc3 6.bxc3 Bg7 7.Nf3 c5 8.Bb5+ Nc6
9.O-O cxd4 10.cxd4 O-O 11.Be3 Bg4 12.Bxc6 bxc6 13.Rc1 Qa5 14.Rxc6 Qxa2 15.Rc7 Qa3
16.Qa1 Qxa1 17.Rxa1 Rfd8 18.Raxa7 Rxa7 19.Rxa7 Bxf3 20.gxf3 Bxd4 21.Bxd4 Rxd4
22.Rxe7 g5 23.Kg2 Kg7 24.Kg3 Rd1 25.Kg2 Kf6 26.Ra7  1/2-1/2

[Event "TCh-CZE Extraliga 2005-6"]
[Site "Czech Rep CZE"]
[Date "2005.12.03"]
[Round "5"]
[White "Cech,P"]
[Black "Konopka,M"]
[Result "1/2-1/2"]
[WhiteElo "2420"]
[BlackElo "2489"]

1.d4 Nf6 2.c4 g6 3.Nc3 d5 4.cxd5 Nxd5 5.e4 Nxc3 6.bxc3 Bg7 7.Nf3 c5 8.Rb1 O-O
9.Be2 cxd4 10.cxd4 Qa5+ 11.Bd2 Qxa2 12.O-O Bg4 13.Rxb7 Bxf3 14.Bxf3 Bxd4
15.e5 Na6 16.Rxe7 Rad8 17.Qe2 Bc5 18.Bg5 Qxe2 19.Bxe2 Bxe7 20.Bxe7 Nc7 21.Bxd8 Rxd8
22.Ra1 Rd5 23.Rxa7 Rxe5 24.Rxc7  1/2-1/2

[Event "TCh-HUN 2005-6"]
[Site "Hungary HUN"]
[Date "2005.12.04"]
[Round "5"]
[White "Fodor,T jr"]
[Black "Schneider,Ve"]
[Result "1-0"]
[WhiteElo "2252"]
[BlackElo "2194"]

1.d4 Nf6 2.c4 g6 3.Nc3 d5 4.cxd5 Nxd5 5.e4 Nxc3 6.bxc3 Bg7 7.Nf3 c5 8.h3 O-O
9.Be2 Nc6 10.Be3 Qa5 11.Bd2 cxd4 12.cxd4 Qa3 13.d5 Nd4 14.Nxd4 Bxd4 15.Rc1 Bd7
16.Rc4 Be5 17.Qb1 Rfc8 18.O-O Rxc4 19.Bxc4 b5 20.Bb4 Qa6 21.Bd3 Qf6 22.Bd2 Bd4
23.Qe1 Rc8 24.Qe2 a6 25.Kh2 Bc3 26.Be3 Bd4 27.Bd2 Qd6+ 28.f4 Qa3 29.Bb1 Qb2
30.e5 b4 31.Bd3 Bb5 32.e6 Bxd3 33.Qxd3 Rc2 34.Rd1 fxe6 35.dxe6 Kf8 36.Kh1 a5
37.f5 g5 38.f6 exf6 39.Qxh7  1-0

[Event "TCh-HUN 2005-6"]
[Site "Hungary HUN"]
[Date "2005.12.04"]
[Round "5"]
[White "Lukacs,P"]
[Black "Meszaros,Mi"]
[Result "1/2-1/2"]
[WhiteElo "2412"]
[BlackElo "2354"]

1.d4 Nf6 2.c4 g6 3.Nc3 d5 4.cxd5 Nxd5 5.e4 Nxc3 6.bxc3 Bg7 7.Qa4+ c6 8.Nf3 O-O
9.Be2 Nd7 10.O-O e5 11.Rd1 exd4 12.cxd4 Re8 13.Qc2 Qe7 14.Bc4 h6 15.Re1 Nb6
16.Bb3 Bg4 17.Ne5 Be6 18.Bf4 Rad8 19.Rad1 Qb4 20.Bxe6  1/2-1/2

[Event "FSGMA December"]
[Site "Budapest HUN"]
[Date "2005.12.07"]
[Round "5"]
[White "Berczes,D"]
[Black "Boros,De"]
[Result "0-1"]
[WhiteElo "2475"]
[BlackElo "2460"]

1.d4 Nf6 2.c4 g6 3.Nc3 d5 4.cxd5 Nxd5 5.e4 Nxc3 6.bxc3 Bg7 7.Qa4+ Bd7 8.Qa3 b6
9.Bg5 c5 10.Rd1 cxd4 11.cxd4 Nc6 12.Nf3 h6 13.Be3 O-O 14.h3 Qc7 15.Bd3 Qd6
16.Qxd6 exd6 17.d5 Nb4 18.Bd4 Nxa2 19.O-O Nb4 20.Bb1 Rfe8 21.Rfe1 Rac8 22.Bxg7 Kxg7
23.e5 Rc5 24.Rd4 Nxd5 25.Be4 Nc3 26.Rxd6 Re7 27.Bd3 Nb5 28.Bxb5 Bxb5 29.e6 Rc6
30.Rxc6 Bxc6 31.Nd4 Bd5 32.f4 fxe6 33.f5 e5 34.fxg6 Kf6 35.Rf1+ Kxg6 36.Nf5 Rf7
37.g4 Be4 38.Nh4+ Kg7 39.Re1 Rf4 40.Rd1 h5  0-1

[Event "FSGMA December"]
[Site "Budapest HUN"]
[Date "2005.12.09"]
[Round "7"]
[White "Porat,S"]
[Black "Boros,De"]
[Result "1/2-1/2"]
[WhiteElo "2444"]
[BlackElo "2460"]

1.d4 Nf6 2.c4 g6 3.Nc3 d5 4.cxd5 Nxd5 5.e4 Nxc3 6.bxc3 Bg7 7.Nf3 c5 8.Rb1 O-O
9.Be2 Nd7 10.O-O Qc7 11.Qd3 Nf6 12.d5 c4 13.Qc2 Bd7 14.Ba3 Rfe8 15.Rbd1 Qa5
16.Bb4 Ba4 17.Qc1 Qb6 18.Rd4 Ng4 19.Qa3 Bxd4 20.Nxd4 Bd7 21.Bxe7 Nf6 22.Bf3 Rxe7
23.Qxe7 Re8 24.Qa3 Nxe4 25.Bxe4 Rxe4 26.Nc2 Kg7 27.Ne3 f5 28.Nxc4 Rxc4 29.Qe7+ Kh6
30.Qxd7 Rxc3 31.Qe7 Rd3 32.h4 Rxd5 33.Qf8+ Kh5 34.Qf7 Qd6 35.Qxh7+ Kg4 36.h5 g5
37.Qxb7 Qd7 38.Qa8 Kxh5 39.Re1 Qf7 40.Qh8+ Kg6 41.g3 g4 42.Rc1 Qd7 43.Qg8+ Kf6
44.Rc8 Ke5 45.Qh8+ Ke4 46.Re8+ Kd3 47.Re3+ Kc4 48.Rc3+ Kb4 49.Rc2 Ka4 50.Rc4+ Kb5
51.Rf4 Kc6 52.Qa8+ Kd6 53.Qf8+ Ke6 54.Qh6+ Ke5 55.Qh8+ Kd6 56.Rc4 Re5 57.Rd4+ Rd5
58.Qf8+ Ke5 59.Qh8+ Kd6 60.Rc4 Re5 61.Rc8 Qe7 62.Qh6+ Qe6 63.Qd2+ Rd5 64.Rd8+ Kc6
65.Rxd5 Qxd5 66.Qc3+ Kb6 67.Qb4+ Qb5 68.Qd6+ Kb7 69.Qe7+ Ka6 70.Qd6+ Ka5
71.Qa3+ Kb6 72.Qd6+ Qc6 73.Qb4+ Ka6 74.Qa3+ Kb6  1/2-1/2

[Event "Bundesliga 2005-6"]
[Site "Solingen GER"]
[Date "2005.12.11"]
[Round "6"]
[White "Braun,A"]
[Black "Holzke,F"]
[Result "0-1"]
[WhiteElo "2465"]
[BlackElo "2479"]

1.d4 Nf6 2.c4 g6 3.Nc3 d5 4.cxd5 Nxd5 5.e4 Nxc3 6.bxc3 Bg7 7.Nf3 c5 8.Rb1 O-O
9.Be2 Nc6 10.d5 Ne5 11.Nxe5 Bxe5 12.Rb3 Qc7 13.Qd2 e6 14.f4 Bg7 15.c4 exd5
16.exd5 Bf5 17.O-O Bd4+ 18.Kh1 b6 19.Bd3 Qd7 20.Bb2 Bxb2 21.Qxb2 Rae8 22.Qf6 Bxd3
23.Rxd3 Qa4 24.h4 Qxc4 25.Rff3 Qc1+ 26.Kh2 Re1 27.Kg3 Re2 28.Kh2 c4 29.Rc3 Qd2
30.Qg5 b5 31.h5 Qd4 32.Ra3 Re1 33.Kg3 Rh1 34.hxg6 hxg6 35.d6 Qxd6 36.Qxb5 Qe7
37.Qg5 Qe1+ 38.Rf2 Rf1 39.Qc5 Re8 40.f5 Re2 41.Qc8+ Kh7 42.Kg4 Re4+ 43.Kg5 Qc1+
44.Kf6 Qa1+  0-1

[Event "5th Amplico AIG Life"]
[Site "Warsaw POL"]
[Date "2005.12.17"]
[Round "2"]
[White "Dziuba,M"]
[Black "Bugajski,R"]
[Result "1-0"]
[WhiteElo "2494"]
[BlackElo "2214"]

1.d4 Nf6 2.c4 g6 3.Nc3 d5 4.cxd5 Nxd5 5.e4 Nxc3 6.bxc3 Bg7 7.Be3 c5 8.Qd2 O-O
9.Nf3 Nd7 10.Rc1 b6 11.Bd3 Bb7 12.O-O Rc8 13.Bc2 c4 14.Rfd1  1-0

[Event "XXXV Rilton Cup"]
[Site "Stockholm SWE"]
[Date "2005.12.27"]
[Round "1"]
[White "Nyland,T"]
[Black "Kurnosov,I"]
[Result "0-1"]
[WhiteElo "2147"]
[BlackElo "2523"]

1.d4 Nf6 2.c4 g6 3.Nc3 d5 4.cxd5 Nxd5 5.e4 Nxc3 6.bxc3 Bg7 7.Nf3 c5 8.Be3 Qa5
9.Qd2 O-O 10.Rc1 Rd8 11.Be2 Bg4 12.d5 e6 13.c4 Qa3 14.h3 Bxf3 15.Bxf3 Nc6
16.O-O b6 17.Bg5 Rd6 18.Qe3 Qxe3 19.Bxe3 Nb4 20.e5 Bxe5 21.dxe6 Rad8 22.exf7+ Kxf7
23.a3 Nd3 24.Rcd1 Nb2 25.Rxd6 Rxd6 26.Bd5+ Kf6 27.Rb1 Na4 28.Re1 Nc3 29.Bb7 Rd3
30.h4 Bd6 31.Bg5+ Kf7 32.Kf1 Bf8 33.Re3 Rd1+ 34.Re1 Rd4 35.Rc1 Rd3 36.Re1 Bg7
37.g3 Bf6 38.Re3 Rxe3 39.Bxe3 Ke6 40.Ke1 Bd4 41.Bf4 b5 42.cxb5 Nxb5 43.a4 Nc3
44.Bb8 a5 45.Bc6 Be5 46.Ba7 Kd6 47.Be8 Ne4 48.Ke2 Kc7 49.Kf3 Nd6 50.Bb5 Nxb5
51.axb5 Bd4  0-1

[Event "Master Open"]
[Site "Zurich SUI"]
[Date "2005.12.27"]
[Round "2"]
[White "Stankovic,Ze"]
[Black "Seel,C"]
[Result "0-1"]
[WhiteElo "2157"]
[BlackElo "2492"]

1.d4 Nf6 2.c4 g6 3.Nc3 d5 4.cxd5 Nxd5 5.e4 Nxc3 6.bxc3 Bg7 7.Bc4 c5 8.Ne2 Nc6
9.Be3 cxd4 10.cxd4 Qa5+ 11.Bd2 Qh5 12.d5 Ne5 13.Bb5+ Bd7 14.Bxd7+ Nxd7 15.Rb1 Qg4
16.Qa4 O-O 17.Ng3 Nc5 18.Qa3 b6 19.O-O Qd7 20.Be3 Qd6 21.Qb4 Rac8 22.Rfd1 Be5
23.Bh6 Rfd8 24.Kh1 Qf6 25.Be3 Qh4 26.Rf1 Bf4 27.Bxf4 Qxf4 28.f3 Rd7 29.Rbd1 Rdc7
30.Qd4 Nd7 31.Ne2 Qd6 32.f4 Qa3 33.e5 Qxa2 34.d6 Rc4 35.Qd3 exd6 36.exd6 Qc2
37.Qf3 Qe4 38.Ng3 Qxf3 39.Rxf3 a5 40.f5 a4 41.fxg6 hxg6 42.h3 b5 43.Re3 Rc1
44.Rde1 b4 45.Kh2 Rxe1 46.Rxe1 b3 47.Re7 b2  0-1

[Event "Open A"]
[Site "Bethune FRA"]
[Date "2005.12.28"]
[Round "5"]
[White "Bacon,N"]
[Black "Van der Weide,K"]
[Result "0-1"]
[WhiteElo "2207"]
[BlackElo "2464"]

1.d4 Nf6 2.c4 g6 3.Nc3 d5 4.cxd5 Nxd5 5.e4 Nxc3 6.bxc3 Bg7 7.Bc4 c5 8.Be3 Nc6
9.Ne2 O-O 10.Rc1 Bd7 11.h4 cxd4 12.cxd4 Na5 13.Bd3 Rc8 14.h5 Rxc1 15.Qxc1 Qc8
16.O-O e6 17.Qb1 b6 18.Rc1 Qb7 19.Rc3 Rc8 20.Qc1 Rxc3 21.Qxc3 Bc6 22.Qc2 Qd7
23.f3 Nb7 24.Kf1 Nd6 25.Nc3 Ne8 26.Ne2 Nf6 27.hxg6 hxg6 28.Nf4 Ne8 29.Bc4 Bxd4
30.Bxd4 Qxd4 31.Nxe6 Qf6 32.e5 Qxe5 33.Nd8 Bd5 34.Nc6 Bxc4+ 35.Qxc4 Qa1+
36.Kf2 Nd6 37.Qd5 Nf5 38.Qd2 Qf6 39.Nxa7 Qe7 40.g4 Ng7 41.Qd4 Ne6 42.Qxb6 Qh4+
43.Ke2 Nf4+ 44.Kd1 Qh1+ 45.Kc2 Qxf3 46.Qd8+ Kh7 47.Qd7 Nd5 48.Nb5 Qe2+ 49.Kc1 Qc4+
50.Kb1 Qb4+ 51.Kc1 Qe1+ 52.Kc2 Ne3+ 53.Kb2 Qb4+ 54.Kc1 Qc4+ 55.Kd2 Nxg4 56.Nc3 Qf4+
57.Kc2 Ne3+ 58.Kd3 Nc4 59.Qh3+ Kg7  0-1

[Event "Masters"]
[Site "Hastings ENG"]
[Date "2005.12.28"]
[Round "1"]
[White "Wu,L"]
[Black "Pavlovic,Milo"]
[Result "0-1"]
[WhiteElo "2287"]
[BlackElo "2507"]

1.d4 Nf6 2.c4 g6 3.Nc3 d5 4.cxd5 Nxd5 5.e4 Nxc3 6.bxc3 Bg7 7.Bc4 O-O 8.Ne2 c5
9.Be3 Nc6 10.O-O Bd7 11.Rc1 Rc8 12.f3 a6 13.d5 Na5 14.Bd3 e6 15.c4 b5 16.Qd2 Re8
17.Rfe1 bxc4 18.Bxc4 Nxc4 19.Rxc4 exd5 20.exd5 Rb8 21.Nc3 Rb4 22.Rxb4 cxb4
23.Ne4 f5 24.Nd6 Bc3 25.Qd1 Bxe1 26.Nxe8 Bc3 27.Nd6 Qc7 28.Bf4 g5 29.Qe2 gxf4
30.Qe7 Bd4+  0-1

[Event "Masters"]
[Site "Hastings ENG"]
[Date "2005.12.28"]
[Round "1"]
[White "Zude,E"]
[Black "Pedersen,JaR"]
[Result "1/2-1/2"]
[WhiteElo "2426"]
[BlackElo "2238"]

1.d4 Nf6 2.c4 g6 3.Nc3 d5 4.cxd5 Nxd5 5.e4 Nxc3 6.bxc3 Bg7 7.Bc4 c5 8.Ne2 Qc7
9.Bf4 Qa5 10.O-O O-O 11.Qc1 Bg4 12.f3 Bd7 13.d5 b5 14.Bd3 c4 15.Bc2 Na6 16.Bh6 b4
17.Bxg7 Kxg7 18.Qe3 Rfc8 19.Rfb1 Rc7 20.cxb4 Qb6 21.Qxb6 axb6 22.Nc3 Rca7
23.a4 Nc7 24.Rd1 Nb5 25.Nxb5 Bxb5 26.Rd4 c3 27.Ra3 Bxa4 28.Rxc3 Bb5 29.d6 Ra1+
30.Kf2 exd6 31.Rd5 Be8 32.Rcd3 R8a2 33.Rd2 Rb2 34.Bd1 Raa2 35.Ke3 Ra3+ 36.Kf4 Rxb4
37.g4 Ra5 38.h4 h6 39.Rxd6 Kf8 40.Rd8 Ke7 41.Rb8 Bc6 42.Rc8 Rc5 43.Rc7+ Ke6
44.Rc2 g5+ 45.Kg3 Rxc2 46.Bxc2 Bd7 47.e5 Bb5 48.hxg5 hxg5 49.Bf5+ Kxe5 50.Rxf7 Bc6
51.Re7+ Kd6 52.Re6+ Kc5 53.Bc2 Rb2 54.Be4 Bxe4 55.Rxe4 Kd6 56.Re8 Rc2 57.Rg8 Rc5
58.Rg6+ Kc7 59.Kf2 Re5 60.f4 gxf4 61.Kf3 b5 62.Kxf4 Rc5 63.Re6 Kd7 64.Re1 Rc4+
65.Kf5 Rc2 66.g5 Rf2+ 67.Kg4 Rg2+ 68.Kf4 Kc6 69.Kf5 b4 70.g6 Kd5 71.Re5+  1/2-1/2

[Event "Masters"]
[Site "Hastings ENG"]
[Date "2005.12.28"]
[Round "1"]
[White "Poobalasingam,P"]
[Black "Kolas,T"]
[Result "1/2-1/2"]
[WhiteElo "2060"]
[BlackElo "2160"]

1.d4 Nf6 2.c4 g6 3.Nc3 d5 4.cxd5 Nxd5 5.e4 Nxc3 6.bxc3 Bg7 7.Bc4 c5 8.Ne2 Nc6
9.Be3 O-O 10.O-O Bg4 11.f3 Na5 12.Bd3 cxd4 13.cxd4 Be6 14.d5 Bxa1 15.Qxa1 f6
16.Bh6 Re8 17.Qd4 Bd7 18.Rb1 e5 19.Qf2 b5 20.Nc3 a6 21.Be3 Qc7 22.Rc1 Nc4
23.Na4 Rab8 24.Nb6  1/2-1/2